00280nam a2200133Ia 4500003000900000008004100009040001300050040001300063245003200076245001100108260001300119300000800132490000600140IT-RoPAU120407s9999 xx 000 0 und d aIT-RoPAU cIT-RoPAU aIndex des livres prohibés cAA.VV. aVaticana c cm v1